Nachman Krochmal (Record no. 351545)
[ view plain ]
| 000 -LEADER | |
|---|---|
| fixed length control field | 00630nam a2200121Ia 4500 |
| 008 - FIXED-LENGTH DATA ELEMENTS--GENERAL INFORMATION | |
| fixed length control field | 171212s9999 xx 000 0 und d |
| 100 ## - MAIN ENTRY--PERSONAL NAME | |
| Personal name | Harris, Jay |
| 245 ## - TITLE STATEMENT | |
| Statement of responsibility, etc | Harris, Jay |
| Title | Nachman Krochmal |
| Remainder of title | Guiding the Perplexed of the Modern Age |
| 260 ## - PUBLICATION, DISTRIBUTION, ETC. (IMPRINT) | |
| Name of publisher, distributor, etc | New York University Press |
| Date of publication, distribution, etc | 1991 |
| 650 ## - SUBJECT ADDED ENTRY--TOPICAL TERM | |
| Topical term or geographic name as entry element | Krochmal, Nachman, 1785–1840. Moreh nevukhe ha-zeman; Judaism -- History -- Philosophy; Philosophy, Jewish; Krochmal, Nachman, 1785–1840 -- Contributions in Biblical interpretation; Bible. O.T. -- Criticisms, interpretation, etc., Jewish -- History -- 19t |
| 650 ## - SUBJECT ADDED ENTRY--TOPICAL TERM | |
| Topical term or geographic name as entry element | Religion |
| 856 ## - ELECTRONIC LOCATION AND ACCESS | |
| Uniform Resource Identifier | <a href="http://www.jstor.org/stable/j.ctt9qfxr3">http://www.jstor.org/stable/j.ctt9qfxr3</a> |
| Withdrawn status | Lost status | Damaged status | Home library | Current library | Date acquired | Total Checkouts | Full call number | Date last seen | Price effective from | Koha item type |
|---|---|---|---|---|---|---|---|---|---|---|
| College Library | College Library | 12/12/2017 | BM 560.K73 .H37 1991 | 12/12/2017 | 12/12/2017 | Curriculum - Based eBooks |